Nazwij napoje - poziom łatwy - Statystyki

Ogólne statystyki
  • Ten quiz został rozwiązany 46 razy
  • Średni wynik to 14 z 16
Statystyki odpowiedzi
Obrazkowy Odpowiedź % Poprawnych
Coca Cola
100%
Kubuś
100%
Lipton
100%
Pepsi
100%
Sprite
100%
Tymbark
100%
Dr Pepper
89%
Dzik
87%
Black
84%
Burn
82%
Oshee
82%
Mirinda
79%
Kropla Beskidu
76%
Cappy
66%
Red Bull
66%
Zbyszko lemoniada
55%
Nie znaleziono quizów pasujących do podanych kryteriów
Rozkład punktacji
Procent ludzi z każdym wynikiem
Percentyl według liczby udzielonych odpowiedzi
Twoja historia wyników
Nie rozwiązałeś tego quizu